000
00297nam a22001457a 4500
003
SGT
082
_a
346.9,RAT
100
_a
RATURI,RAJIVE
245
_a
DISABILITY AND THE LAW
250
_a
2ND
260
_a
NEW DELHI
_b
UNIVERSAL BOOKS
_c
2011
300
_a
964
650
_a
LAW
942
_2
ddc
_c
BK
999
_c
9765
_d
9765